00373nam a2200145Ia 4500008004100000041000800041082001400049100002800063245006900091250000800160260002700168300000800195542001500203650000900218220531s9999 xx 000 0 und d aeng bGET / WAQ aWaqtson, T. / Seitz, N. aGetting Up and Down: How to Save Strokes from Forty Yards and In a1ST aNew YorkbRandomc1983 a192 d01-09-2017 aGolf